Daft Punk - Harder, Better, Faster, Stronger Lyrics - Statistics

General Stats
  • This quiz has been taken 306 times
  • The average score is 257 of 331
Answer Stats
Lyrics % Correct
Better
99%
Faster
99%
Harder
99%
Stronger
99%
It
94%
Make
93%
Do
91%
Us
83%
Makes
81%
Work
79%
Never
71%
Over
71%
Is
66%
After
58%
Ever
54%
Hour
51%
More
50%
Than
49%
No matching quizzes found
Score Distribution
Percent of People with Each Score
Percentile by Number Answered
Your Score History
You have not taken this quiz